Clínica hidrológica española (Record no. 44775)

MARC details
000 -LEADER
campo de control de longitud fija 00718nam a2200229 i 4500
001 - NÚMERO DE CONTROL
campo de control 44775
003 - IDENTIFICADOR DE NÚMERO DE CONTROL
campo de control ES-MaACL
005 - FECHA Y HORA DE LA ÚLTIMA TRANSACCIÓN
campo de control 20250825214711.0
007 - CAMPO FIJO DE DESCRIPCIÓN FÍSICA--INFORMACIÓN GENERAL
campo de control de longitud fija t|
008 - DATOS DE LONGITUD FIJA--INFORMACIÓN GENERAL
campo de control de longitud fija 030324s1922 sp |||| | spa d
080 ## - NÚMERO DE LA CLASIFICACIÓN DECIMAL UNIVERSAL
Número de la Clasificación Decimal Universal 615.838
080 ## - NÚMERO DE LA CLASIFICACIÓN DECIMAL UNIVERSAL
Número de la Clasificación Decimal Universal 663.64(460)
245 00 - MENCIÓN DEL TÍTULO
Título Clínica hidrológica española
Resto del título : con un estudio físico-químico de las aguas minerales /
Mención de responsabilidad, etc. por E. Doz ... [et al.] ; prefacio, Amalio Gimeno.
260 ## - PUBLICACIÓN, DISTRIBUCIÓN, ETC.
Lugar de publicación, distribución, etc. Madrid :
Nombre del editor, distribuidor, etc. Calpe,
Fecha de publicación, distribución, etc. 1922.
300 ## - DESCRIPCIÓN FÍSICA
Extensión XV, 528 p. ;
Dimensiones 21 cm.
650 04 - PUNTO DE ACCESO ADICIONAL DE MATERIA--TÉRMINO DE MATERIA
Término de materia o nombre geográfico como elemento de entrada Hidroterapia.
9 (RLIN) 13343
650 #4 - PUNTO DE ACCESO ADICIONAL DE MATERIA--TÉRMINO DE MATERIA
Término de materia o nombre geográfico como elemento de entrada Aguas minerales-
Subdivisión geográfica España.
9 (RLIN) 135522
700 1# - ENTRADA AGREGADA--NOMBRE PERSONAL
Nombre de persona Doz, E.
9 (RLIN) 45561
700 1# - ENTRADA AGREGADA--NOMBRE PERSONAL
Nombre de persona Gimeno, Amalio,
Fechas asociadas al nombre 1850-1936
9 (RLIN) 57076
852 ## - LOCALIZACIÓN
Ubicación ES-MaACL
Número de control de estantería B-9030
Holdings
Estatus retirado Estado de pérdida Estado de daño No para préstamo Biblioteca de origen Biblioteca actual Ubicación en estantería Fecha de adquisición Fuente de adquisición Total de préstamos Signatura topográfica completa Código de barras Visto por última vez Precio de reemplazo Tipo de ítem Koha
        Biblioteca del Ateneo de Madrid Biblioteca del Ateneo de Madrid Sala Pardo Bazán 17/01/2008     B-9030 1047122 23/02/2023 23/02/2023 Libro impreso